Poľnohospodársky ekonomický účet za rok 2002

Saved in:
Bibliographic Details
Format: Book
Language:Slovak
English
Published: Bratislava Štatistický úrad Slovenskej republiky 2003
Series:Pôdohospodárstvo a životné prostredie
Subjects:
Tags: Add Tag
No Tags, Be the first to tag this record!

MARC

LEADER 00000nam a2200000 4500
001 0004813
005 20260122153916.0
041 0 |a slo 
041 0 |a eng 
044 |a SK 
245 1 0 |a Poľnohospodársky ekonomický účet za rok 2002 
264 1 |a Bratislava  |b Štatistický úrad Slovenskej republiky  |c 2003 
300 |a 82 s. 
490 1 |a Pôdohospodárstvo a životné prostredie 
830 0 |a Pôdohospodárstvo a životné prostredie 
610 2 0 |a poľnohospodárstvo 
610 2 0 |a lesníctvo 
610 2 0 |a výsledok hospodársky 
610 2 0 |a Slovensko